Géographie de la France par lettre - P - Statistiques

Statistiques générales
  • Ce quiz a été pris 27 755 fois
    26 177 depuis la dernière actualisation
  • Le résultat moyen est 9 sur 20
Statistiques - réponses
Question Réponse % Correct
Capitale de la France Paris
100%
Chaîne de montagne qui marque la frontière avec l'Espagne et l'Andorre Pyrénées
87%
Plus grande ville du Poitou-Charentes Poitiers
76%
Pays frontalier de la France sur l'île de Saint-Martin Pays-Bas
67%
Ville la plus peuplée du Béarn Pau
60%
Département de Lens et Béthune Pas-de-Calais
57%
Chef-lieu du Val d'Oise, la commune s'est associée avec Cergy pour former une ville nouvelle Pontoise
53%
Région culturelle du sud-ouest français avec comme ville principale Bayonne où l'on parle historiquement l'Euskara Pays Basque
52%
Chef-lieu de la Polynésie française Papeete
49%
Préfecture continentale la plus méridionale Perpignan
45%
Troisième ville corse la plus peuplée. Elle est située au sud-est de l'île Porto-Vecchio
42%
Chef-lieu de la Dordogne Périgueux
40%
Volcan martiniquais, son éruption en 1902 a provoqué plus de 30 000 décès Montagne {Pelée}
32%
Région historique française correspondant à peu près au département de la Dordogne Périgord
29%
Ville de Meurthe-et-Moselle connue pour ses plaques d'égout Pont-à-Mousson
22%
Point culminant du Massif central Puy de Sancy
22%
Sous-préfecture de l'Essonne où sont implantées plusieurs écoles d'excellence comme l'Ecole Polytechnique Palaiseau
20%
Préfecture la moins peuplée de France Privas
19%
Sous-préfecture du Loiret, à proximité de l'Île-de-France Pithiviers
14%
Plus grande ville de l'Ariège Pamiers
12%
Aucun quiz correspondant
Distribution des résultats
% des personnes avec chaque résultat
Percentile par nombre de réponses
Votre historique - résultats
Vous n’avez pas pris ce quiz depuis la dernière actualisation